| 000 | 00610cam a22002294a 4500 | ||
|---|---|---|---|
| 999 |
_c140810 _d140810 |
||
| 003 | UPN | ||
| 005 | 20240803063751.0 | ||
| 008 | 090203s2006 mx r 000 f spa d | ||
| 020 | _a9681914538 | ||
| 035 | _aUPN01000168704 | ||
| 040 |
_aUPN _bspa _cUPN |
||
| 049 | _aCG | ||
| 050 | 4 |
_aPQ6666 E7.65 _bP5.5 |
|
| 100 | 1 |
_aPérez-Reverte, Arturo, _d1951- _928615 |
|
| 245 | 1 | 3 |
_aEl pintor de batallas / _cArturo Pérez-Reverte. |
| 260 |
_aMéxico : _bAlfaguara, _c2006. |
||
| 300 | _a301 p. | ||
| 650 | 4 |
_aNovela española _910814 |
|
| 650 | 0 |
_aGuerra _vNovela _943353 |
|
| 905 | _aLibro | ||
| 942 |
_2lcc _cLIBRO |
||